000 00764nam a2200229 u 4500
005 20260321064234.0
008 171018s2015 mx r 000 0 spa d
020 _a9786070306860
035 _aUPN01000221097
049 _aCG
050 4 _aLB3048 M6
_bC6.2
100 1 _aCorona Berkin, Sarah
_935203
245 1 3 _aLa asignatura ciudadana :
_ben las cuatro grandes reformas del LTG en México (1959-2010) /
_cSarah Corona Berkin.
260 _aMéxico :
_bSiglo XXI,
_c2015.
300 _a101 p. :
_bil., cuadros
440 0 _aEducación
650 4 _aLibros de texto
_zMéxico
_xHistoria
_921123
650 4 _aCivismo
_xEstudio y enseñanza (Elemental)
_92807
650 4 _aEducación y Estado
_zMéxico
_xHistoria
_918774
905 _aLibro
999 _c193196
_d193196